Les trésors du Musée du Caire /

محفوظ في:

المؤلف الرئيسي: Marie, Dominique.

مؤلف مشترك: Matḥaf al-Miṣrī.

التنسيق: كتاب

اللغة: French

منشور في: Monaco : Editions du Rocher : Trois-Continents, 1998.

الموضوعات:

الوسوم: إضافة وسم

لا توجد وسوم, كن أول من يضع وسما على هذه التسجيلة!

رقم الطلب: DT59 .C243 M37

LEADER 00636nam a22002057a 4500
005 20251230104647.0
008 251230t1998 mc a b 000 0 fre c
020 |a 2268028143 
020 |a 9782268028149 
040 |c ARCE Libray 
050 1 4 |a DT59 .C243  |b M37 
100 1 |a Marie, Dominique. 
245 1 4 |a Les trésors du Musée du Caire /   |c Dominique Marie. 
260 |a Monaco :   |b Editions du Rocher :   |b Trois-Continents,   |c 1998. 
300 |a 144 p. :   |b ill. ;   |c 18 cm. 
610 2 0 |a Matḥaf al-Miṣrī   |v Catalogs. 
651 0 |a Egypt   |x Antiquities   |v Catalogs. 
710 2 |a Matḥaf al-Miṣrī. 
942 |2 lcc  |c BK 
999 |c 47260  |d 47260